[Event "Maresme op 16th"]
[Site "Maresme"]
[Date "2019.10.19"]
[Round "3"]
[White "Infiesta Aguila, Agusti"]
[Black "Gascon Martel, Alejandro"]
[Result "1-0"]
[WhiteElo "1259"]
[BlackElo "1387"]
[PlyCount "71"]
[EventDate "2019.09.29"]
[EventType "swiss"]
[EventRounds "8"]
[EventCountry "ESP"]
[SourceTitle "CBM 193 Extra"]
[Source "ChessBase"]
[SourceDate "2020.01.31"]
[SourceVersion "1"]
[SourceVersionDate "2020.01.31"]
[SourceQuality "1"]

1. c4 Nf6 2. g3 g6 3. Bg2 Bg7 4. Nc3 0-0 5. e4 d6 6. Nge2 Nbd7 7. 0-0 Rb8 8. d4 e5 9. d5 a5 10. a3 b6 11. h3 Ba6 12. b3 Ne8 13. Be3 f5 14. Qd2 Nef6 15. Rac1 Qe7 16. exf5 gxf5 17. Nb5 Rbc8 18. Na7 Ra8 19. Nc6 Qf7 20. f4 Rfe8 21. fxe5 dxe5 22. Rxf5 Qg6 23. Rcf1 Bc8 24. R5f2 Nc5 25. Bxc5 bxc5 26. d6 cxd6 27. Qxd6 Ne4 28. Qxg6 hxg6 29. Bxe4 Bb7 30. Rf7 Bxc6 31. Bxc6 Rf8 32. Bxa8 Rxa8 33. Rc7 Bf8 34. Rf6 Rb8 35. Rxg6+ Kh8 36. Rf6 1-0